000 00374nam a22001457a 4500
008 250604b |||||||| |||| 00| 0 eng d
020 _a9780310270508
050 _aBS 630
_b.R 36
100 _aRamussen carl G
245 _aZondervan: Atlas of the bible
260 _aMichigan
_bZondervan
_c2010
300 _a303p
650 _aBible geography
_vBible history
942 _cBK
999 _c3765
_d3765